|
|
|
|
| LEADER |
01192nam a2200325 a 4500 |
| 001 |
000682253 |
| 003 |
CZ BrMZK |
| 005 |
20040625161520.0 |
| 007 |
ta |
| 008 |
030818s2003 xr a f 000 0 cze d |
| 020 |
|
|
|q (váz.)
|
| 040 |
|
|
|a BOA001
|b cze
|
| 080 |
|
|
|a (084.42)
|2 MRF
|
| 080 |
|
|
|a 582.282/.284
|2 MRF
|
| 100 |
1 |
|
|a Kotlaba, František,
|d 1927-2020
|7 jk01062163
|4 aut
|
| 245 |
1 |
0 |
|a Kapesní atlas hub.
|n [2] /
|c [autoři textu: František Kotlaba, Vladimír Antonín]
|
| 250 |
|
|
|a Vyd. 1.
|
| 260 |
|
|
|a Praha :
|b Reader's Digest Výběr,
|c 2003
|
| 300 |
|
|
|a 64 s. :
|b barev. il. ;
|c 19 cm
|
| 500 |
|
|
|a Příloha knihy Houby
|
| 504 |
|
|
|a Obsahuje rejstříky
|
| 500 |
|
|
|a Dostupné též v digitální podobě v aplikaci Kramerius
|
| 650 |
0 |
7 |
|a houby
|7 ph114706
|2 czenas
|
| 655 |
|
7 |
|a atlasy
|7 fd131835
|2 czenas
|
| 700 |
1 |
|
|a Antonín, Vladimír,
|d 1955-
|7 jn20000810240
|4 aut
|
| 772 |
0 |
|
|t Houby
|
| 856 |
4 |
1 |
|u https://www.digitalniknihovna.cz/mzk/uuid/uuid:9868efa0-083d-11e6-a611-005056827e51
|y Digitalizovaný dokument
|x NDK
|
| 910 |
|
|
|a BOA001
|b 4-1122.681,2
|
| 990 |
|
|
|a BK
|
| 996 |
6 |
|
|b 2610196836
|c 4-1122.681,2
|l MZK
|r Sklad / do 1 hodiny
|n 1
|p p.v.
|w 000682253
|u 000010
|a 1
|e BOA001
|j MZK50
|s P
|